Effects of Sex Hormones - Statistics

General Stats
  • This quiz has been taken 49 times
  • The average score is 7 of 22
Answer Stats
Effect Hormone % Correct
Sperm development Testosterone/FSH
78%
Stimulate ovulation LH
63%
Milk synthesis Prolactin
63%
Secondary male characteristics Testosterone
59%
Stimulate development of Graafian follice FSH
52%
Positive feedback on FSH LH
48%
Negative feedback on oestrogen late in cycle FSH
33%
Stimulate Graafian follicle into Corpus Luteum LH
33%
Contraction of smooth muscle in milk ducts Oxytocin
33%
Negative feedback on FSH Progesterone
33%
Positive feedback on oestrogen early in cycle FSH
30%
Maintain endometrium Progesterone
30%
Rebuild endometrium Oestrogen
26%
Secondary female characteristics Oestrogen
26%
Contraction of smooth muscle in myometrium Oxytocin
26%
Negative feedback on LH Progesterone
26%
Stimulate Leydig cells LH
22%
Negative feedback on FSH Oestrogen
22%
Positive feedback on LH Oestrogen
19%
Maintains Corpus Luteum hCG
11%
Inhibit oxytocin synthesis Oestrogen
7%
Inhibit prolactin synthesis Oestrogen
4%
No matching quizzes found
Score Distribution
Percent of People with Each Score
Percentile by Number Answered
Your Score History
You have not taken this quiz